000 00536nam a2200229 a 4500
001 nice12345678
003 IN_TiNIC
005 20260116011451.0
008 070828s1952 para grp 000 0 fre
020 _a
_c100
082 0 0 _a297.124
_bBER
100 _aBercher, L
245 _aEtudes Sur La Tradition Islamique
260 _aParis
_bNo Publishers
_c1952
300 _a355p
500 _aincludes index and biblioraphy
650 _aHadith
700 1 _aBercher, L
902 _bRBA
942 _cBK
999 _c1801
_d1801